| 000 | 00552cam a2200145 a 4500 | ||
|---|---|---|---|
| 020 | _a0813378060 (alk. paper) | ||
| 082 | 0 |
_a338.9/27 _bWIL _cD |
|
| 100 | 1 |
_aWilloughby, Kelvin W. _937320 |
|
| 245 | 1 | 0 |
_aTechnology choice : _ba critique of the appropriate technology movement / _cKelvin W. Willoughby. |
| 260 |
_aBoulder : _bWestview Press ; _aLondon : _bIntermediate Technology Publications, _c1990. |
||
| 300 |
_axii, 350 p. : _bill. ; _c23 cm. |
||
| 526 |
_a0 _b0 _c0 _d338_927000000000000_WIL |
||
| 650 | 0 |
_aAppropriate technology. _94905 |
|
| 942 |
_2ddc _cBK |
||
| 999 |
_c542218 _d542218 |
||